|
|
|
|
| LEADER |
00000nam a22000007a 4500 |
| 005 |
20220610222613.0 |
| 007 |
cr|||| |||| |
| 008 |
220610s2021 es |||||s|||| 00||0 spa d |
| 020 |
|
|
|a 978-84-1122-044-6
|
| 035 |
|
|
|a 36089
|
| 040 |
|
|
|a vLex
|
| 090 |
|
|
|c 13413
|d 13413
|
| 100 |
1 |
|
|a Přez Bustamante, Rogelio
|
| 245 |
1 |
2 |
|a La conferencia sobre el futuro de Europa
|h [Recurso electrn̤ico] :
|b La apuesta ciudadana por la integracin̤ /
|c Rogelio Přez Bustamante, Julio Guinea Bonillo
|
| 256 |
|
|
|a Servicio en ln̕ea
|
| 260 |
|
|
|a Madrid:
|b Dykinson,
|c 2021
|
| 300 |
|
|
|a 1 recurso electrn̤ico
|
| 500 |
|
|
|a La Conferencia sobre el Futuro de Europa es el mayor ejercicio de debate ciudadano abierto en la historia de la integracin̤ europea, con vistas a generar una serie de conclusiones que permitan en un futuro la reforma de los Tratados constitutivos. En un momento decisivo para la Unin̤ Europea, cuando se enfrenta a numerosas crisis y retos, desde el m̀bito sanitario, migratorio, econm̤ico, medioambiental, energťico o defensivo; el proyecto europeo necesita replantearse cul̀ es el futuro que le conviene en el corto y medio plazo. La Conferencia traslada la responsabilidad a la ciudadana̕, otorgǹdole una oportunidad n︢ica para conocer sus impresiones, deseos, proyectos o soluciones que la Unin̤ Europea debera̕ emprender, para dar respuesta a esos retos o crisis que se presentan en el siglo XXI. En un ejercicio colectivo, del que ya han participado ms̀ de 35.000 personas, un conjunto de acadm̌icos y expertos en temas europeos presentamos esta obra con objeto de contribuir al conocimiento y la difusin̤ de la Conferencia. Nuestro principal meta es la consolidacin̤ del proyecto europeo, que necesita de los ciudadanos, para avanzar y culminar su construccin̤ federal, tal y como deseaban los padres fundadores de las Comunidades Europeas.
|
| 506 |
1 |
|
|a Disponible solo en los productos indicados
|d vLex Global
|d vLex Global (Academic Edition, excluding Law Schools)
|d vLex Global (U.S. Academic Edition, Law Schools)
|d vLex Global (U.S. Academic Edition, excluding Law Schools)
|d vLex Global (Academic Edition, Law Schools)
|
| 650 |
0 |
4 |
|a Derecho Comunitario
|z Espaą
|
| 650 |
0 |
4 |
|a Derecho Internacional
|z Espaą
|
| 700 |
1 |
|
|a Guinea Bonillo, Julio
|
| 740 |
0 |
|
|a vLex Libros (Servicio en ln̕ea)
|
| 856 |
4 |
0 |
|u https://app.vlex.com/#/sources/36089
|z Acceso restringido
|
| 942 |
|
|
|c BOOK
|
| 999 |
0 |
|
|a Community Law
|
| 999 |
0 |
|
|a International Law
|